| 000 | 00970nam2a2200277 4500 | ||
|---|---|---|---|
| 001 | RU\NLR\ONL2\13228 | ||
| 005 | 20250613131142.0 | ||
| 035 | _a(NLR Aleph) 009660813 | ||
| 090 |
_a9612712 _c9612712 |
||
| 100 | _a20090319d2008 |||y0rusy50 ca | ||
| 101 | 0 | _atat | |
| 102 | _aRU | ||
| 105 | _ay ||||||||| | ||
| 200 | 0 |
_a2009 ел _fтөз. Ранис Рәхимҗан углы Газизов |
|
| 210 |
_d2008 _aБ. м. |
||
| 215 | _a367,[1] б. | ||
| 225 | 1 | _a"Ин шәп гәжит" редакциясе | |
| 225 | 1 | _a"Гаилә учагы" журналы редакциясе | |
| 461 | 0 |
_1001RU\NLR\ONL2\1509 _12001#$aДини календарь$v2009 ел _910268211 _cКазан _d2002- _nРаннур _tДини календарь _v2009 ел |
|
| 801 | 0 |
_aRU _bNLR _c20090319 _gPSBO |
|
| 852 |
_aNLR _bОНЛ _jТатар./3-12733 |
||
| 942 | _cBOOK | ||
| 980 | _aNB | ||
| 980 | _aONL_RF | ||